| 000 | 00525nam a22001817a 4500 | ||
|---|---|---|---|
| 003 | OSt | ||
| 005 | 20160526163010.0 | ||
| 008 | 160526s1990 sp | |||| 0dspa d | ||
| 017 |
_aM 1416-1990 _bOficina Depósito Legal Madrid |
||
| 020 | _a8478800204 | ||
| 040 |
_cCDMR _bcat |
||
| 100 | 1 |
_aLandi, Margarita _d1918-2004 |
|
| 245 | 1 | 0 |
_aCrónica sangrienta _b: memorias _cMargarita Landi |
| 260 |
_aMadrid _bTemas de Hoy _c1990 |
||
| 300 |
_a413 p. _c21 cm |
||
| 650 | 0 | 0 |
_aPeriodistes _zEspanya _vBiografia _93074 |
| 942 |
_cMON _2udc |
||
| 999 |
_c6937 _d6937 |
||